General Metals (Record no. 4216)

MARC details
005 - DATE AND TIME OF LATEST TRANSACTION
control field 20250617130121.0
020 ## - INTERNATIONAL STANDARD BOOK NUMBER
International Standard Book Number 0-07-020398-9
082 ## - DEWEY DECIMAL CLASSIFICATION NUMBER
Classification number LM 671.071 FEI
100 ## - MAIN ENTRY--PERSONAL NAME
Author name FEIRER, J. L.
245 ## - TITLE STATEMENT
Title General Metals
250 ## - EDITION STATEMENT
Edition statement 6th Ed.
260 ## - PUBLICATION, DISTRIBUTION, ETC.
Place of publication, distribution, etc. Lake forest,
Name of publisher, distributor, etc. McGraw-Hill,
Date of publication, distribution, etc. 1991.
300 ## - PHYSICAL DESCRIPTION
Extent vi, 506p.: ill.; figure, picture, table.
Other physical details Index.
Dimensions 25cm.
942 ## - ADDED ENTRY ELEMENTS (KOHA)
Source of classification or shelving scheme Dewey Decimal Classification
Koha item type Books
Holdings
Date last seen Total checkouts Full call number Barcode Cost, replacement price Price effective from Koha item type Lost status Source of classification or shelving scheme Damaged status Not for loan Withdrawn status Home library Current library Shelving location Date acquired Cost, normal purchase price Source of acquisition
06/28/2025   LM 671.071 FEI DOM0002458 36000.00 06/17/2025 Books   Dewey Decimal Classification       CBE Dodoma CBE Dodoma General Collection 09/06/2000 12000.00 Library budget
06/17/2025   LM 671.071 FEI 0000004197 36000.00 06/17/2025 Books   Dewey Decimal Classification       College of Business Education Main Library College of Business Education Main Library General Collection 09/06/2000 12000.00  
06/17/2025   LM 671.071 FEI 00000013124 36000.00 06/17/2025 Books   Dewey Decimal Classification       College of Business Education Main Library College of Business Education Main Library General Collection 09/06/2000 12000.00  
06/17/2025   LM 671.071 FEI 00000013126 36000.00 06/17/2025 Books   Dewey Decimal Classification       College of Business Education Main Library College of Business Education Main Library General Collection 09/06/2000 12000.00